Statistiques concernant Les 100 prénoms les plus portés au Québec

Cliquez ici pour prendre le quiz!

Statistiques générales

  • Ce quiz a été pris 317 fois
  • Le résultat moyen est 24 sur 100

Statistiques - réponses

# Prénom % Correct
48Louis
55%
53Alexandre
54%
12Léa
52%
23Antoine
51%
22Charles
51%
13Olivier
50%
1Thomas
50%
87Eli
44%
7Emma
43%
2William
43%
15Gabriel
42%
100Jeanne
40%
96Philippe
39%
19Léo
39%
8Samuel
39%
71Nicolas
38%
39Camille
37%
98David
37%
57Justin
36%
88Vincent
36%
29Charlotte
35%
30Xavier
34%
50Laurence
34%
20Florence
34%
84Laurent
33%
18Alice
32%
85Gabrielle
32%
5Félix
32%
62Sarah
32%
6Nathan
31%
51Anthony
31%
10Alexis
31%
16Émile
30%
66Henri
30%
21Zoé
29%
31Victor
29%
34Juliette
29%
64Rose
28%
14Raphaël
28%
26Chloé
27%
79Julia
26%
54Lucas
25%
95Étienne
25%
27Édouard
25%
24Benjamin
24%
47Zachary
24%
93Aurélie
24%
77Jeremy
23%
82Hugo
23%
92Noémie
23%
37Jade
22%
11Noah
22%
33Eva
22%
3Jacob
22%
17Olivia
22%
44Théo
22%
73Élodie
22%
75Laurie
20%
38Mathis
20%
56Clara
19%
58Arthur
19%
28Béatrice
18%
55Alicia
18%
68Elizabeth
17%
4Liam
17%
65Raphaëlle
17%
60Loïc
17%
32Rosalie
17%
49James
16%
42Charlie
16%
40Victoria
16%
41Mia
15%
25Adam
15%
99Alexia
15%
76Arnaud
14%
90Coralie
14%
86Sophia
14%
72Anaïs
13%
63Ethan
12%
35Zack
11%
94Isaac
10%
36Sofia
10%
83Dylan
10%
61Annabelle
10%
59Tristan
10%
80Léonie
10%
52Maeva
9%
45Elliot
9%
9Logan
9%
91Emy
8%
46Romy
8%
69Nolan
7%
70Mila
6%
97Malik
6%
78Amélia
6%
89Adèle
6%
67Livia
6%
81Maélie
6%
43Jayden
4%
74Flavie
3%

Distribution des résultats

Percentile by Number Answered

% des personnes avec chaque résultat

Votre développement - résultats

Vous n’avez pas pris ce quiz